| 000 | 00680nam0a22002291 4500 | ||
|---|---|---|---|
| 001 | rc\351620 | ||
| 005 | 20250621041014.0 | ||
| 035 | _a(NLR Aleph) 005566082 | ||
| 090 |
_a5962407 _c5962407 |
||
| 100 | _a20030307d1989 |||y0rusy50 ca | ||
| 101 | 0 | _arus | |
| 102 | _aRU | ||
| 105 | _ay ||||||||| | ||
| 200 | 1 |
_aНаркомании - бой _e(В помощь лектору) _fО-во "Знание" ТССР |
|
| 210 |
_aАшхабад _cО-во "Знание" ТССР _d1989 |
||
| 215 |
_a24 с. _d20 |
||
| 700 | 1 |
_aДовлетов _bБ.Т. _gБабакули Т. |
|
| 801 | 0 |
_aRU _bNLR _gpsbo |
|
| 801 | 1 |
_aRU _bELAR _2rusmarc |
|
| 852 |
_aNLR _j90-4/950 |
||
| 942 | _cBOOK | ||
| 980 | _aNB | ||